De la responsabilidad civil médica

Αποθηκεύτηκε σε:
Λεπτομέρειες βιβλιογραφικής εγγραφής
Κύριος συγγραφέας: Acosta Ramírez, Vicente Nelson (Συγγραφέας)
Μορφή: Βιβλίο
Γλώσσα:Ισπανικά
Έκδοση: Santiago Jurídica de Chile 1990
Έκδοση:1a. ed
Θέματα:
Ετικέτες: Προσθήκη ετικέτας
Δεν υπάρχουν, Καταχωρήστε ετικέτα πρώτοι!

MARC

LEADER 00000cam a2200000 a 4500
001 UCC4366
003 CL-VaPUC
008 180727e19900000cl |||||||||||||||||spa|d
020 |a 9561008318 
082 0 4 |a 344.041  |b ACO  |2 21 
100 |a Acosta Ramírez, Vicente Nelson  |e author  |9 815306 
245 1 0 |a De la responsabilidad civil médica 
250 |a 1a. ed 
300 |a 611 p 
942 |c BK 
945 |d 20180727 12:54:00  |a dcastane 
260 |a Santiago  |b Jurídica de Chile  |c 1990 
650 7 |a RESPONSABILIDAD CIVIL MEDICA  |2 CL-VaPUC  |9 367268 
650 0 |a Responsabilidad profesional  |9 381253 
583 |a last modification  |c 20180727 12:54:00  |k Rodrigo Vera 
999 |c 371918  |d 371916 
952 |0 0  |1 0  |3 erb  |4 0  |6 344_041000000000000_ACO_1990  |7 0  |8 A  |9 489124  |a BIBDER  |b BIBDER  |e Mateluna Arestizabal, Alfredo Sergio  |i 5484685  |o 344.041 ACO 1990  |p 5484685  |r 2023-01-25  |w 2019-11-24  |y BK  |z Catalogado en:20180727  |k DER